000 00372 a2200145 4500
999 _c12262
_d12262
003 OSt
005 20240116153930.0
008 240116b ||||| |||| 00| 0 eng d
020 _a9781858946894
100 _aLautman, Victoria
245 _aThe vanishing stepwells of India
260 _bMerrell Publishers Ltd
_c2020
700 _aDivya Guptha (Forwarded)
942 _2ddc